Les systèmes avec ou sans attente et les processus stochastiques
সংরক্ষণ করুন:
| প্রধান লেখক: | |
|---|---|
| বিন্যাস: | গ্রন্থ |
| ভাষা: | ফরাসি |
| প্রকাশিত: |
París
Dunod
1962
|
| বিষয়গুলি: | |
| ট্যাগগুলো: |
ট্যাগ যুক্ত করুন
কোনো ট্যাগ নেই, প্রথমজন হিসাবে ট্যাগ করুন!
|
MARC
| LEADER | 00000nam a2200000 a 4500 | ||
|---|---|---|---|
| 001 | UCP1025 | ||
| 003 | CL-VaPUC | ||
| 008 | 990326e19620000FR |||||||||||||||||fre|d | ||
| 082 | 0 | 4 | |a 519.2 |b GAL |2 21 |
| 100 | |a Le Gall, P |e author |9 410414 | ||
| 245 | 1 | 4 | |a Les systèmes avec ou sans attente et les processus stochastiques |
| 300 | |a v | ||
| 942 | |c BK | ||
| 945 | |d 19990326 00:00:00 |a crobeson | ||
| 260 | |a París |b Dunod |c 1962 | ||
| 500 | |a v.1: Généralités, applications à la recherche opérationnelle | ||
| 650 | 0 | |a Procesos estocásticos |9 260364 | |
| 650 | 0 | |a Teoría de probabilidades |9 336944 | |
| 650 | 0 | |a Variables aleatorias |9 270745 | |
| 650 | 0 | |a Procesos de Markov |9 270451 | |
| 583 | |a last modification |c 19990326 00:00:00 |k Rodrigo Vera | ||
| 999 | |c 279744 |d 279742 | ||
| 952 | |0 0 |1 0 |4 0 |6 519_200000000000000_GAL_1962 |7 0 |8 A |9 319521 |a BIBGIM |b BIBGIM |d 2019-11-20 |h v.1 |i 1333453 |o 519.2 GAL 1962 |p 1333453 |r 2025-01-15 |w 2019-11-20 |y BK |k EST | ||